The law of torts: (Record no. 91599)

MARC details
000 -LEADER
fixed length control field 00726nam a22002057a 4500
005 - DATE AND TIME OF LATEST TRANSACTION
control field 20180208163628.0
010 ## - LCCN (DPL NO)
LC control number B-593930
020 ## - INTERNATIONAL STANDARD BOOK NUMBER
International Standard Book Number 8189530917
Terms of availability 400.00
020 ## - INTERNATIONAL STANDARD BOOK NUMBER
International Standard Book Number 9788189530914
Terms of availability 400.00
035 ## - SYSTEM CONTROL NUMBER
System control number B-593930
037 ## - SOURCE OF ACQUISITION
Stock number dpl
Source of stock number/acquisition Pansy/Ven
082 ## - DEWEY DECIMAL CLASSIFICATION NUMBER
Classification number 346.7303
100 ## - MAIN ENTRY--PERSONAL NAME
Personal name Banga, R.K.
245 ## - TITLE STATEMENT
Title The law of torts:
Remainder of title including motor vehicles act and consumer protection act/
Statement of responsibility, etc by R.K. Banga
260 ## - PUBLICATION, DISTRIBUTION, ETC. (IMPRINT)
Place of publication, distribution, etc Faridabad
Name of publisher, distributor, etc Allahabad Law Aency Law Publishers
Date of publication, distribution, etc 2015
270 ## - ADDRESS
Address 16/2 Mathura Road, Plot No. 33,
City Faridabad (Haryana)
300 ## - PHYSICAL DESCRIPTION
Extent 691p.
Dimensions 23cm(pbk)
942 ## - ADDED ENTRY ELEMENTS (KOHA)
Source of classification or shelving scheme Dewey Decimal Classification
Item type English Books
Classification part 346.7303
Call number suffix BAN
Holdings
Withdrawn status Lost status Not for loan Collection code Home library Current library Date acquired Source of acquisition Cost, normal purchase price Full call number Barcode Copy number Cost, replacement price Koha item type
      Non-fiction Central Library Central Library 08/02/2018 Pansy/1497/13.2.2015/RP 400.00 346.7303 BAN B-593930 1 400.00 English Books

© Delhi Public Library
Hit Counter
free hit counter